000 00380nam a22001577a 4500
005 20240402110459.0
008 160426b xxu||||| |||| 00| 0 eng d
020 _a81-7829-492-3
041 _aeng
082 _b00163
100 _aLeary, Zina O
_970
245 _aTHE ESSENTIAL GUIDE TO DOING RESEARCH
260 _aNew Delhi
_bVistaar Public.
_c2005
300 _a226
942 _cBK
999 _c44
_d44